Central Library OPAC University of Rajshahi

Fund accounting / (Record no. 59567)

MARC details
000 -LEADER
fixed length control field 00698nam a2200253 a 4500
001 - CONTROL NUMBER
control field 59567
003 - CONTROL NUMBER IDENTIFIER
rucl marc code BD-RjUL
005 - DATE AND TIME OF LATEST TRANSACTION
control field 20211209080739.0
008 - FIXED-LENGTH DATA ELEMENTS--GENERAL INFORMATION
fixed length control field 161226s1969 nyu 000 0 eng d
020 ## - INTERNATIONAL STANDARD BOOK NUMBER
International Standard Book Number 070342148
035 ## - SYSTEM CONTROL NUMBER
System control number (BD-RjUL)59691
040 ## - CATALOGING SOURCE
Original cataloging agency VKC
Transcribing agency VKC
Modifying agency UKM
-- EQO
Language of cataloging eng
041 ## - LANGUAGE CODE
Language code of text/sound track or separate title eng
082 ## - DEWEY DECIMAL CLASSIFICATION NUMBER
Classification number 657
Author mark and year KEF 1969
Edition number 23
090 ## - LOCALLY ASSIGNED LC-TYPE CALL NUMBER (OCLC); LOCAL CALL NUMBER (OCLC)
Classification number (OCLC) (R) ; Classification number, CALL (RLIN) (NR) HJ9801
Local cutter number (OCLC) ; Book number/undivided call number, CALL (RLIN) .K37
100 1# - MAIN ENTRY--PERSONAL NAME
Personal name Kerrigan, Harry D.
9 (RLIN) 177180
245 10 - TITLE STATEMENT
Title Fund accounting /
Statement of responsibility, etc. [by] Harry D. Kerrigan
260 ## - PUBLICATION, DISTRIBUTION, ETC. (IMPRINT)
Place of publication, distribution, etc. New York :
Name of publisher, distributor, etc. McGraw-Hill,
Date of publication, distribution, etc. c1969
300 ## - PHYSICAL DESCRIPTION
Pagination x, 533 p. ;
Size 24 cm
490 1# - SERIES STATEMENT
Series statement McGraw-Hill accounting series
650 #0 - SUBJECT ADDED ENTRY--TOPICAL TERM
Topical term or geographic name as entry element Accounting
9 (RLIN) 177181
830 #0 - SERIES ADDED ENTRY--UNIFORM TITLE
Uniform title McGraw-Hill accounting series
942 ## - ADDED ENTRY ELEMENTS (KOHA)
Source of classification or shelving scheme Dewey Decimal Classification
Koha item type Books
Holdings
Lost status Source of classification or shelving scheme Damaged status Not for loan Collection code Permanent Location Current Location Shelving location Date acquired Source of acquisition Cost, normal purchase price Total Checkouts Full call number Date last seen Copy number Koha item type
  Dewey Decimal Classification   Not For Loan Non-fiction Central Library, University of Rajshahi Central Library, University of Rajshahi Reading Room 25/03/1980 Heffer 13.85   657 KEF 1969 26/12/2016 C-1 Books